Odevy a obuv v reklame
Investície do reklamy odevného a obuvníckeho priemyslu za 1.1. - 30.6.1997. Obuv v reklame. Médiá v odievaní.
Uložené v:
| Médium: | Kapitola |
|---|---|
| Jazyk: | Slovak |
| Predmet: | |
| Tagy: |
Žiadne tagy, Buďte prvý, kto otaguje tento záznam!
|
MARC
| LEADER | 00000naa a2200000 4500 | ||
|---|---|---|---|
| 001 | r027291 | ||
| 005 | 20230922094415.1 | ||
| 041 | 0 | |a slo | |
| 044 | |a SK | ||
| 245 | 1 | 0 | |a Odevy a obuv v reklame |
| 520 | |a Investície do reklamy odevného a obuvníckeho priemyslu za 1.1. - 30.6.1997. Obuv v reklame. Médiá v odievaní. | ||
| 610 | 2 | 0 | |a investície |
| 610 | 2 | 0 | |a reklama |
| 610 | 2 | 0 | |a obuv |
| 610 | 2 | 0 | |a odevy |
| 610 | 2 | 0 | |a médiá |